02192nam a2200337 a 450000100060000000300080000600500170001400800410003102000160007203500190008804000270010704100080013408200260014210000650016824501380023326000740037130000460044565000820049165000330057370000640060694200150067099900170068595201500070295201440085295201440099695201440114095201440128495201440142895201510157295201310172344022BD-RjUL20211209053803.0160712s1970 bg ||||| |||| 00| 0 ben d c: PRs 5.50  a(BD-RjUL)44140 aBD-RjULbben cBD-RjUL aben a530.11223bEIA 1970  aআইনস্টাইন, আলবার্ট 911950010aআপেক্ষিকতা /cআলবার্ট আইনস্টাইন, অনুবাদ নুরুল হুদা  aঢাকা :bবাংলা একাডেমী,c১৯৭০  a১৩১ পৃ. ;c২২ সেমি. aআপেক্ষিকতা (পদার্থবিদ্যা)9119499 aRelativity (Physics)9116965 aহুদা, নুরু্‌ অনুবাদ9119501 2ddccBK01 c44022d44022 00102ddc40708NFICaRUCLbRUCLcStackd1975-01-07eBangla Academy, Dhakag5.50l0oB 530.11 EIA 1970r2016-07-12 00:00:00tC-2w2016-07-12yBK 00102ddc40708NFICaRUCLbRUCLcStackd1975-01-07eBangla Accademig5.50l0oB 530.11 EIA 1970r2016-08-08 00:00:00tC-3w2016-08-08yBK 00102ddc40708NFICaRUCLbRUCLcStackd1975-01-07eBangla Accademig5.50l0oB 530.11 EIA 1970r2016-08-08 00:00:00tC-4w2016-08-08yBK 00102ddc40708NFICaRUCLbRUCLcStackd1975-01-07eBangla Accademig5.50l0oB 530.11 EIA 1970r2016-08-08 00:00:00tC-5w2016-08-08yBK 00102ddc40708NFICaRUCLbRUCLcStackd1975-01-07eBangla Accademig5.50l0oB 530.11 EIA 1970r2016-08-08 00:00:00tC-6w2016-08-08yBK 00102ddc40708NFICaRUCLbRUCLcStackd1975-01-07eBangla Accademig5.50l0oB 530.11 EIA 1970r2016-08-08 00:00:00tC-7w2016-08-08yBK 00102ddc40708NFICaRUCLbRUCLcStackd1975-01-07eBangla Academy, Dhaka.g5.50l0oB 530.11 EIA 1970r2016-11-24 00:00:00tC-8w2016-11-24yBK 00102ddc40718NFICaRUCLbRUCLcReadingd2008-05-12eAuthorl0oB 530.11 EIA 1970r2017-05-15 00:00:00tC-1w2017-05-15yBK